000 00377nam a2200145Ia 4500
008 090122s9999 xx 000 0 und d
082 _b4181
_a891.463
100 _aशिरवळकर
_bसुहास
245 _aसफाई
600 _aशिरवळकर
630 _aसफाई
700 _aशिरवळकर
730 _aसफाई
942 _cBOOK
999 _c28259
_d28259